000 00559nam a2200193 a 4500
005 20210223123213.0
008 991125s1969 mx 000 0 spa u
035 _aUPN01000049220
049 _aCG
050 4 _aPN56 P92
_bT6.6
100 1 _aTorres, Mauro
245 1 0 _aPsicoanálisis del escritor /
_cMauro Torres.
260 _aMéxico :
_bPax-México,
_c1969.
300 _a369 p.
440 0 _aMonografías psicoanáliticas ;
_v12
650 4 _aAUTORES -
_xASPECTOS PSICOLOGICOS
_93828
650 4 _aPSICOLOGIA DE LA LITERATURA
_924019
905 _aLibro
999 _c49220
_d49220